000 00285nam a2200109Ia 4500
008 200302s9999 xx 000 0 und d
100 _aAndreas Feininger
245 _aRoots of Art The Sketchbook of a Photographer
260 _bThamas and Hudson Ltd.
260 _c1975
300 _a176 P.,
999 _c268
_d268